1961 1880 1735 1579 1352 1138 1929 1607 1703 1788 1113 1699 1464 1047 1757 1989 1614 1325 1553 1067 1489 1608 1727 1585 1784 1907 1421 1192 1020 1511 1902 1493 1368 1864 1723 1827 1136 1631 1650 1294 1589 1332 1807 1895 1764 1603 1907 1181 1916 1197 1976 1851 1459 1977 1698 1542 1472 1297 1399 1105 1598 1829 1805 1780 1054 1359 1000 1141 1692 1568 1388 1677 1985 1138 1166 1546 1952 1269 1384 1477 1026 1468 1046 1486 1727 1129 1164 1976 1781 1532 1357 1712 1453 1064 1030 1276 1378 1083 1354 BCNSPRNW ULIB Ver.6.0+V

เปลี่ยนเป็นภาษาไทย

Change to English
 แสดงรายละเอียดบรรณานุกรม
  กลับหน้าหลัก

Brief Record : Get Marc (ISO 2709) : E-mail record : QR code < ปิดหน้าต่าง
LEADER : 00000nam 2200000uu 4500
001    13399125973
003     ULIB
008    171124s2560||||th 000 0 tha d
020    ^a9789740335672
050  0 ^aLA1221^bธ172ก
100 0  ^aธราญา จิตรชญาวณิช
245 10 ^aการศึกษาและความเป็นครูไทย /^cธราญา จิตรชญาวณิช
246 30 ^aความเป็นครูไทย
260    ^aกรุงเทพฯ :^bสำนักพิมพ์แห่งจุฬาลงกรณ์มหาวิทยาลัย,^c2560
300    ^a252 หน้า :^bแผนภูมิ ;^c26 ซม.
650  4 ^aครู
650  4 ^aการศึกษา
945    ^p290^l0^i25704
999    ^aกัณชพร จุลอักษร
รายการนี้ยังไม่มีแท็ก
คุณยังไม่ได้ล็อกอิน คุณสามารถมีกิจกรรมร่วมกับเว็บไซต์ได้ แต่ต้องล็อกอินก่อน ::
  ล็อกอิน

รายการสื่อสารสนเทศ

ลำดับที่ ประเภท เลขเรียก/บาร์โค้ด สถานที่ สถานะ
1. วิทยาศาสตร์การแพทย์ และสุขภาพ
วิทยาศาสตร์การแพทย์ และสุขภาพ
LA1221 ธ172ก ฉ.1 
  Barcode: 25704
ห้องสมุดวิทยาเขตนครสวรรค์
►หนังสือทั่วไป:l:General Books
บนชั้น

รายการใกล้เคียง
    ผู้แต่ง [ธราญา จิตรชญาวณิช]

    หัวเรื่อง [ครู]
    หัวเรื่อง [การศึกษา]

BibComment


ยังไม่เคยถูกคอมเมนท์

คอมเมนท์ทรัพยากรรายการนี้
  คอมเมนท์: การศึกษาและความเ..


 Copyright 2026. Bcnsprnw @Library